000 00318 a2200145 4500
001 156977
040 _cEscola São Tomás de Aquino
100 _aCULTURA INGLESA
240 1 0 _aHats on top 1
_lpor
245 1 0 _aHats on top 1
300 _a41 f.
440 1 _aCultura Inglesa
697 _aInfantil 4
942 _cBK
999 _c156977
_d156977